<?xml version="1.0" encoding="UTF-8"?>
<record
    xmlns:xsi="http://www.w3.org/2001/XMLSchema-instance"
    xsi:schemaLocation="http://www.loc.gov/MARC21/slim http://www.loc.gov/standards/marcxml/schema/MARC21slim.xsd"
    xmlns="http://www.loc.gov/MARC21/slim">

  <leader>01023nam a2200205 a 4500</leader>
  <controlfield tag="008">171103e2009    ag ||||g |||| 00| 1 spa d</controlfield>
  <datafield tag="020" ind1=" " ind2=" ">
    <subfield code="a">9788432212727</subfield>
  </datafield>
  <datafield tag="041" ind1=" " ind2=" ">
    <subfield code="a">spa</subfield>
  </datafield>
  <datafield tag="092" ind1=" " ind2=" ">
    <subfield code="c">808</subfield>
    <subfield code="l">28</subfield>
    <subfield code="s">GAR</subfield>
  </datafield>
  <datafield tag="100" ind1="1" ind2=" ">
    <subfield code="a">Garcia Ortega, Adolfo</subfield>
    <subfield code="9">4106</subfield>
  </datafield>
  <datafield tag="245" ind1="3" ind2=" ">
    <subfield code="a">El mapa de la vida /</subfield>
    <subfield code="c">Adolfo Garc&#xED;a Ortega</subfield>
  </datafield>
  <datafield tag="250" ind1=" " ind2=" ">
    <subfield code="a">1a ed.</subfield>
  </datafield>
  <datafield tag="260" ind1=" " ind2=" ">
    <subfield code="a">Barcelona:</subfield>
    <subfield code="b">Seix Barral;</subfield>
    <subfield code="c">2009.</subfield>
  </datafield>
  <datafield tag="300" ind1=" " ind2=" ">
    <subfield code="a">539 p.</subfield>
  </datafield>
  <datafield tag="500" ind1=" " ind2=" ">
    <subfield code="a">Garc&#xED;a Ortega, A. (2009). El mapa de la vida. (1a ed.). Barcelona : Seix Barral.
</subfield>
  </datafield>
  <datafield tag="505" ind1=" " ind2=" ">
    <subfield code="a">En El mapa de la vida hay &#xE1;ngeles que vislumbran un universo de maravillas m&#xED;ticas que entrelazan de modo portentoso la Florencia del siglo XIV, la figura de Mahoma, la c&#xE1;rcel de Guant&#xE1;namo, la Narareth de una joven Miriam y el mestizaje m&#xE1;s absoluto de la ciudad contempor&#xE1;nea. S&#xF3;lo Adolfo Garc&#xED;a Ortega pod&#xED;a trazar un mosaico narrativo tan original. Una novela impactante que constituye un hermoso canto a la vida. </subfield>
  </datafield>
  <datafield tag="590" ind1=" " ind2=" ">
    <subfield code="a">Donacion Febrero 2020</subfield>
  </datafield>
  <datafield tag="655" ind1=" " ind2=" ">
    <subfield code="a">Literatura</subfield>
    <subfield code="9">2917</subfield>
  </datafield>
  <datafield tag="942" ind1=" " ind2=" ">
    <subfield code="2">ddc</subfield>
    <subfield code="c">LIT</subfield>
  </datafield>
  <datafield tag="999" ind1=" " ind2=" ">
    <subfield code="c">3060</subfield>
    <subfield code="d">3060</subfield>
  </datafield>
  <datafield tag="952" ind1=" " ind2=" ">
    <subfield code="0">0</subfield>
    <subfield code="1">0</subfield>
    <subfield code="2">ddc</subfield>
    <subfield code="4">0</subfield>
    <subfield code="7">0</subfield>
    <subfield code="a">BFM</subfield>
    <subfield code="b">BFM</subfield>
    <subfield code="c">CR</subfield>
    <subfield code="d">2020-02-11</subfield>
    <subfield code="e">Donaci&#xF3;n Constanzo Juan Carlos, Febrero 2020</subfield>
    <subfield code="l">0</subfield>
    <subfield code="o">808 28 GAR</subfield>
    <subfield code="p">4611</subfield>
    <subfield code="r">2020-02-11</subfield>
    <subfield code="t">Ej. 1</subfield>
    <subfield code="w">2020-02-11</subfield>
    <subfield code="y">LIT</subfield>
    <subfield code="z">Donaci&#xF3;n Constanzo Juan Carlos, Febrero 2020</subfield>
  </datafield>
</record>
